000 00300nam a22001337a 4500
003 SGT
082 _a617.643
_bR14S
100 _aSINGAL, ISHANT
245 _aROOT RESORPTION
260 _aDELHI NCR
_bSGT UNIVERSITY GURUGRAM
_c2014
300 _a1-139
650 _aORTHODONTICS
942 _2ddc
_cTH
999 _c18778
_d18778